MDQL
is popping MORE tags! Check the
thread
!
Quizzes
Events
Quiz Creation
Community
Videos
Private Events
Remove Ads
Sign In
Join for FREE
Feedback
Dark Mode
Quiz Categories
Sports
Geography
Music
Movies
Television
Just For Fun
Miscellaneous
History
Literature
Language
Science
Gaming
Entertainment
Religion
Holiday
For Kids
Quiz Lab
Recent
Popular Today
Quiz Kudos Today
Editor Picks
Curator Picks
Quizzes by...
Day
Popularity
Type
Ratings
Length
Year
Community
Subscriptions
Recent Discussions
Orange Saloon
Badges
Playlists
Quests
Create
Leaderboards
Showdown
Live 5
Trivia Bingo
Activity
Puzzle Library
Sporcle Events
Private Events
Virtual Trivia
Globe League
Become a Host
Pub Owners
SporcleCon
Opinionation
Our Games
Videos
Blog
Mobile Apps
Partnerships
Remove Ads and Go Orange
Feedback
Sports
Athletes
MLB
NBA
NHL
NFL
Soccer
Sports Teams
WWE
NCAA
Football
Premier League
Basketball
Baseball
Hockey
Golf
Tennis
Cricket
Rugby
Auto Racing
Olympics
World Cup
Sports
Athletes
MLB
NBA
NHL
NFL
Soccer
Sports Teams
WWE
NCAA
Football
Premier League
Basketball
Baseball
Hockey
Golf
Tennis
Cricket
Rugby
Auto Racing
Olympics
World Cup
Random Quiz
Search Sporcle
×
Quiz Lab
Quiz Lab
Sports
Tennis
Type in answers that appear in a list
Type in answers that appear in a list
Classic
Best Score? Go Orange.
WTA Top 200 24/09/2012 Stats
Can you name the WTA Top 200 on the 24th of September 2012?
By
MarkNL
20m
200 Questions
849 Plays
849 Plays
849 Plays
Comments
Comments
Give Quiz Kudos
Give Quiz Kudos
-
- Ratings
hide this ad
Replay
Link that replays current quiz
Next Quiz
Link to next quiz in quiz playlist
You Got
0%
They Got
Avg Score
58%
Avg Friend Score
Upgrade to see
Score Distribution
Jump to the score distribution portion of the page
Score
0/200
Timer
20:00
0
Plays Today
Country
Player
% Correct
United States
Serena Williams
98.8%
United States
Venus Williams
98.8%
Russia
Maria Sharapova
98.1%
China
Na Li
98%
Belarus
Victoria Azarenka
97.9%
Czech Republic
Petra Kvitova
97.2%
Denmark
Caroline Wozniacki
97.2%
Poland
Agnieszka Radwanska
97.1%
Serbia
Ana Ivanovic
97.1%
Poland
Urszula Radwanska
96.8%
Australia
Samantha Stosur
96.7%
Germany
Angelique Kerber
95.9%
Italy
Sara Errani
95.8%
Serbia
Jelena Jankovic
95.4%
France
Marion Bartoli
94.1%
Estonia
Kaia Kanepi
94%
Italy
Roberta Vinci
92.7%
Slovakia
Dominika Cibulkova
92.1%
Italy
Flavia Pennetta
91.2%
China
Jie Zheng
91%
China
Saisai Zheng
90.7%
Italy
Francesca Schiavone
89.7%
Russia
Maria Kirilenko
89.6%
Israel
Shahar Peer
89.4%
Belgium
Yanina Wickmayer
89%
Slovakia
Daniela Hantuchova
89%
Russia
Nadia Petrova
88.6%
Germany
Julia Goerges
88.6%
Czech Republic
Lucie Safarova
88.2%
Great Britain
Laura Robson
88.1%
China
Shuai Peng
87.4%
Germany
Sabine Lisicki
87.3%
Germany
Andrea Petkovic
86.6%
Great Britain
Heather Watson
86.6%
Kazakhstan
Yaroslava Shvedova
85.8%
Russia
Svetlana Kuznetsova
85.5%
United States
Sloane Stephens
84.9%
Belgium
Kirsten Flipkens
83.4%
United States
Varvara Lepchenko
82.3%
Russia
Ekaterina Makarova
82.2%
Russia
Anastasia Pavlyuchenkova
82.2%
Romania
Sorana Cirstea
82.1%
France
Alizé Cornet
82.1%
Russia
Vera Zvonareva
82%
United States
Christina McHale
81.8%
Chinese Taipei
Su-Wei Hsieh
81.5%
Bulgaria
Tsvetana Pironkova
81%
New Zealand
Marina Erakovic
80.4%
Canada
Aleksandra Wozniak
80.1%
Sweden
Johanna Larsson
80%
Romania
Monica Niculescu
79.4%
Germany
Mona Barthel
77.8%
Spain
Carla Suarez Navarro
77.4%
Austria
Tamira Paszek
77.2%
Japan
Kimiko Date-Krumm
76.7%
Sweden
Sofia Arvidsson
76.2%
Russia
Elena Vesnina
75.8%
Luxembourg
Mandy Minella
75.7%
The Netherlands
Arantxa Rus
75.4%
China
Shuai Zhang
75.2%
Romania
Simona Halep
75%
Czech Republic
Lucie Hradecka
74.4%
Serbia
Bojana Jovanovski
74.1%
Spain
Anabel Medina Garrigues
73.1%
United States
Grace Min
73.1%
Croatia
Petra Martic
72.8%
Italy
Camila Giorgi
72.3%
Country
Player
% Correct
South Africa
Chanelle Scheepers
72.2%
Romania
Irina-Camelia Begu
71.2%
The Netherlands
Kiki Bertens
71%
Japan
Ayumi Morita
70.5%
Hungary
Timea Babos
69.8%
Great Britain
Elena Baltacha
69.8%
Ukraine
Kateryna Bondarenko
69.7%
Great Britain
Anne Keothavong
69.6%
Belarus
Olga Govortsova
69.5%
Slovenia
Polona Hercog
69%
Czech Republic
Andrea Hlavackova
68.6%
Czech Republic
Klara Zakopalova
68.3%
Georgia
Anna Tatishvili
68.2%
Australia
Casey Dellacqua
67.1%
Switzerland
Romina Oprandi
66.6%
France
Kristina Mladenovic
65.9%
United States
Vania King
65.3%
Slovakia
Magdalena Rybarikova
65.1%
Japan
Misaki Doi
64.3%
Czech Republic
Karolina Pliskova
64%
Czech Republic
Kristyna Pliskova
63.9%
United States
Coco Vandeweghe
63.6%
Canada
Eugenie Bouchard
63.3%
France
Virginie Razzano
63.1%
Chinese Taipei
Yung-Jan Chan
62.5%
Spain
Garbine Muguruza
62.4%
Portugal
Michelle Larcher de Brito
62.3%
France
Pauline Parmentier
61.8%
Croatia
Donna Vekic
61.6%
United States
Melanie Oudin
61.2%
Czech Republic
Barbora Zahlavova Strycova
59.3%
Spain
Maria Jose Martinez Sanchez
59.1%
The Netherlands
Michaella Krajicek
59.1%
Hungary
Greta Arn
58.8%
Australia
Anastasia Rodionova
58.8%
Spain
Lourdes Dominiguez Lino
58.5%
Romania
Alexandra Cadantu
58.5%
Thailand
Tamarine Tanasugarn
57.8%
Greece
Eleni Daniilidou
57.5%
France
Caroline Garcia
57.3%
Czech Republic
Iveta Benesova
57.2%
United States
Lauren Davis
56.3%
Kazakhstan
Galina Voskoboeva
55.8%
United States
Madison Keys
55.4%
Great Britain
Johanna Konta
55.2%
Australia
Jarmila Gajdosova
54.7%
Puerto Rico
Monica Puig
54.6%
France
Mathilde Johansson
54%
France
Aravane Rezai
52.8%
Czech Republic
Petra Cetkovska
52.5%
Chinese Taipei
Kai-Chen Chang
52%
Switzerland
Stefanie Voegele
52%
Ukraine
Lesia Tsurenko
51.8%
Croatia
Mirjana Lucic
51.8%
Germany
Annika Beck
51.8%
Japan
Kurumi Nara
51.3%
Kazakhstan
Yulia Putintseva
51.3%
Latvia
Anastasija Sevastova
51.3%
Ukraine
Elina Svitolina
50.7%
Spain
Silvia Soler-Espinosa
49.8%
Italy
Karin Knapp
49.4%
Kazakhstan
Ksenia Pervak
49.1%
United States
Jamie Hampton
48.5%
United States
Alison Riske
47.8%
Serbia
Aleksandra Krunic
47.8%
Austria
Yvonne Meusburger
47.6%
Kazakhstan
Sesil Karatantcheva
47.3%
Country
Player
% Correct
Argentina
Paula Ormaechea
47.2%
Hungary
Melinda Czink
46.2%
Spain
Maria-Teresa Torro-Flor
45.2%
China
Qiang Wang
45.2%
Australia
Olivia Rogowska
44.7%
Russia
Alexandra Panova
44.1%
Israel
Julia Glushko
44%
Uzbekistan
Akgul Amanmuradova
42.9%
United States
Julia Cohen
42.8%
Russia
Vera Dushevina
42.8%
Slovakia
Jana Cepelova
42.5%
United States
Maria Sanchez
42%
Canada
Stephanie Dubois
40.4%
Spain
Lara Arruabarrena-Vecino
38.7%
Brazil
Teliana Pereira
38.4%
Italy
Alberta Brianti
37.9%
United States
Irina Falconi
37.9%
Serbia
Vesna Dolonc
37.9%
Poland
Marta Domachowska
37.9%
United States
Madison Brengle
37.5%
Colombia
Mariana Duque-Marino
36.8%
Germany
Tatjana Malek
36.2%
Paraguay
Veronica Cepede Royg
35.8%
France
Stephanie Foretz Gacon
35.4%
Austria
Patricia Mayr-Achleitner
34.7%
Canada
Heidi El Tabakh
33.6%
Germany
Dinah Pfizenmaier
33.5%
China
Ying-Ying Duan
33.5%
Portugal
Maria Joao Koehler
33.4%
United States
Jill Craybas
32.9%
Canada
Sharon Fichman
32.2%
Germany
Anna-Lena Friedsam
31.3%
Russia
Nina Bratchikova
31%
Russia
Olga Puchkova
30.1%
Turkey
Cagla Buyukakcay
30.1%
United States
Mallory Burdette
29.6%
Spain
Estrella Cabeza Candela
29.4%
Italy
Maria Elena Camerin
28.8%
Romania
Edina Gallovits-Hall
28.3%
Australia
Sacha Jones
28.3%
France
Claire Feuerstein
27.7%
Italy
Nastassja Burnett
26.9%
Czech Republic
Eva Birnerova
26.5%
Japan
Erika Sema
26.5%
Japan
Yurika Sema
26.4%
Romania
Cristina Mitu
25.4%
Spain
Laura Pous-Tio
25.1%
United States
Jessica Pegula
24.9%
South Africa
Chanel Simmonds
24.4%
United States
Alexa Glatch
24.2%
Bulgaria
Elitsa Kostova
23.8%
France
Irena Pavlovic
23.2%
The Netherlands
Bibiane Schoofs
23.2%
Russia
Ekaterina Bychkova
20.9%
Poland
Sandra Zaniewska
20.4%
Argentina
Florencia Molinero
19.8%
Russia
Irina Khromacheva
19.5%
Japan
Junri Namigata
19.3%
Ukraine
Yuliya Beygelzimer
19.1%
Switzerland
Amra Sadikovic
18%
Russia
Valeria Savinykh
17.9%
Australia
Monique Adamczak
17.1%
Croatia
Tereza Mrdeza
17.1%
Canada
Marie-Eve Pelletier
16.9%
United States
Chi Chi Scholl
16%
Russia
Marta Sirotkina
11.7%
Quiz Playlist
Details
Report
Send in Message
Add To Playlist
Classic:
Type in answers that appear in a list
Last Updated: Feb 5, 2019
Quiz Scoreboard
CHALLENGE
Sign Up to Join the Scoreboard
Show All
Scores
Hide
Comments
May contain spoilers
Recently Published
Street Fighter Characters
by Artimus82
Gaming
60s
9x9 Crossword: Cartoon Network
by jackfrog10
Miscellaneous
3m
College Basketball Coaching Resumes
by pancakes188
Sports
9m
More to Explore
Quiz From the Vault
Featured Blog Post
Where Did the Easter Bunny Come From?
hide this ad
You Might Also Like...
Tags
Tennis Quiz
2012
WTA
WTA Players
WTA Ranking
WTA Tour
Today's Top Quizzes in Sports
Browse Sports
hide this ad
Today's Top Quizzes in Tennis
Browse Tennis
Top Contributed Quizzes in Sports
1
2022 World Cup Stars
2
Les meilleurs buteurs des matchs entre le PSG et l’OM
3
FIFA Club World Cup Champions
4
Les entraîneurs de l'OM et du PSG au 21e siècle
5
Criteria MLB: Left Handed Sluggers
6
2023 MLB Unique Player Accomplishments
7
AFC Teams Reveal (Wrong Answers Minefield)
8
5-to-1: FBS Animal Nicknames
9
Players with Multiple 50 Home Run Seasons
10
5-to-1: UK Sports Teams
Explore More
Trending Topics
Crossword
Kpop
Disney
Harry Potter
Anime
Marvel
NBA
Puzzle
WWE
Country
The Office
Soccer
Pokémon
NFL
Song
hide this ad
More By:
MarkNL
Quiz
Plays
Rating
Category
Featured
Created
WTA Top 200 24/09/2012
849
3.33
Sports
Sep 30, 2012
240 female players 2011 US Open?
762
5.00
Sports
Jan 5, 2012
210 WTA Players 2012 French Open
719
5.00
Sports
Jun 22, 2012
212 Female Players 2012 Australian Open
565
3.67
Sports
Feb 21, 2012
211 WTA players 2012 Wimbledon
519
5.00
Sports
Jul 6, 2012
Go to Creator's Profile
Score Distribution
Quiz Creator Spotlight
MarkNL
Follow
Send a Message
Quizzes Created
-
Created Quiz Play Count
-
More By This Creator
Popular Quizzes Today
1
Find the US States - No Outlines Minefield
2
Find the Countries of Europe - No Outlines Minefield
3
The Countries of the World
4
Find the US States
5
Risky Map Clicking: Biggest States A-Z
6
US States
7
Popular People in 1961
8
Movies - When Are They Set?
More Sports Quizzes
NCAA Men's Tournament Top Scorer 1980-2023
Published
Trending Quizzes
Risky Map Clicking: Least Populous States A-Z
Countries of the World: 200 Million BC
1-10 Letter G Words
Risky Map Clicking: Next State Alphabetically
Adjectives in 80s TV Shows
Recently Updated
Leaping Animals
pecheneg
Reality TV Shows (A-Z)
bhenderson79
Rickey Henderson's Hall of Fame Teammates
pecheneg
Champions League XIs: Arsenal
pecheneg
Quick Pick: Celebrities in WWE's Hall of Fame
aduchscher
A-Z Keypad Blitz II
pecheneg
Multiple Oscar Actors
pecheneg
Mystery Phrase Blitz: Oscar 'Best Actors'
pecheneg
F. Scott Fitzgerald Novels
LTH
Pick 3 Villains
ddd62291
Trending Topics
Disney
NBA
Crossword
Harry Potter
Marvel
Anime
Kpop
Puzzle
NFL
Country
Pokémon
Song
The Office
WWE
Soccer
Your Account Isn't Verified!
In order to create a playlist on Sporcle, you need to verify the email address you used during registration. Go to your
Sporcle Settings
to finish the process.
Report this User
Report this user for behavior that violates our
Community Guidelines
.
Details:
Send Report
Go to the Sporcle.com Mobile Site →
Comments